Reforma príjmov a výdavkov v Medzinárodnom menovom fonde

Súčasťou strednodobej stratégie Medzinárodného menového fondu, ktorú na výročných zasadaniach MMF a Svetovej banky v septembri 2005 prezentoval vtedajší generálny riaditeľ MMF Rodrigo de Rato, je dosiahnutie udržateľného financovania MMF. Na tento účel bol navrhnutý súbor reforiem, ktoré majú prispi...

Descrizione completa

Salvato in:
Dettagli Bibliografici
Autore principale: Országhová, Lucia, 1982-
Natura: Capitolo di libro
Lingua:slovacco
Soggetti:
Tags: Aggiungi Tag
Nessun Tag, puoi essere il primo ad aggiungerne!!

MARC

LEADER 00000naa$a2200000$$$4500
001 0095094
005 20231116085306.1
041 0 |a slo 
044 |a SK 
245 1 0 |a Reforma príjmov a výdavkov v Medzinárodnom menovom fonde  |c Lucia Országhová 
520 |a Súčasťou strednodobej stratégie Medzinárodného menového fondu, ktorú na výročných zasadaniach MMF a Svetovej banky v septembri 2005 prezentoval vtedajší generálny riaditeľ MMF Rodrigo de Rato, je dosiahnutie udržateľného financovania MMF. Na tento účel bol navrhnutý súbor reforiem, ktoré majú prispieť k vykrytiu projektovanej straty vo výške 400 mil. USD v strednodobom horizonte. Nový príjmový model. 
610 2 0 |a Medzinárodný menový fond 
610 2 0 |a trh menový 
610 2 0 |a reformy menové 
610 2 0 |a príjmy 
610 2 0 |a výdavky 
610 2 0 |a politika menová 
100 1 |a Országhová, Lucia, 1982-